Countries by Breakaway States - Statistics

General Stats
  • This quiz has been taken 226 times
  • The average score is 9 of 10
Answer Stats
State Country that Recognizes them Answer % Correct
Kosovo 99 countries Serbia
100%
Taiwan 15 countries China
99%
Palestine 139 countries Israel
99%
Western Sahara 40 mostly African Countries Morocco
99%
Northern Cyprus Turkey Cyprus
98%
Somaliland - Somalia
96%
Abkhazia Russia, Syria, Nicaragua, Venezuela, Nauru, Vanuatu Georgia
92%
South Ossetia Russia, Syria, Nicaragua, Venezuela, Nauru Georgia
90%
Transnistria - Moldova
89%
Artsakh - Azerbaijan
76%
No matching quizzes found
Score Distribution
Percent of People with Each Score
Percentile by Number Answered
Your Score History
You have not taken this quiz